Tintin en el país del oro negro / (Registro nro. 11195)
[ vista simple ]
| 000 -CABECERA | |
|---|---|
| Longitud fija campo de control | 00642nam a22002057a 4500 |
| 003 - • IDENTIFICADOR DELl NÚMERO DE CONTROL | |
| Identificador del número de control | CO-ViMGA |
| 008 - • CÓDIGOS DE INFORMACIÓN DE LONGITUD FIJA | |
| Códigos de información de longitud fija | 170810b xxu||||| |||| 00| 0 eng d |
| 020 ## - • NÚMERO INTERNACIONAL NORMALIZADO PARA LIBROS | |
| Número Internacional Normalizado para Libros (ISBN) | 8426102786 |
| 040 ## - FUENTE DE LA CATALOGACIÓN | |
| Centro catalogador de origen | CO-ViMGA |
| Lengua de catalogación | spa |
| Centro transcriptor | CO-ViMGA |
| 100 1# - • PUNTO DE ACCESO PRINCIPAL-NOMBRE DE PERSONA | |
| Nombre de persona | HERGÉ |
| Fechas asociadas al nombre | 1907-1983 |
| 245 10 - • TITULO PROPIAMENTE DICHO | |
| Título | Tintin en el país del oro negro / |
| Mención de responsabilidad, etc. | Hergé ; Traducción Concepción Zandrera. |
| 300 ## - • DESCRIPCIÓN FÍSICA | |
| Extensión | 62 p. : |
| Otras características físicas | Il. ; 29,8 x 22,1 cm. |
| 490 ## - • MENCIÓN DE SERIE | |
| Mención de serie | Las aventuras de tintin |
| 650 14 - • PUNTO DE ACCESO ADICIONAL DE MATERIA - TÉRMINO DE MATERIA | |
| Término de materia o nombre geográfico como elemento inicial | Historietas infantiles |
| 700 1# - • PUNTO DE ACCESO ADICIONAL - NOMBRE DE PERSONA | |
| Nombre de persona | Zendrera, Concepción , |
| Término indicativo de función | tr. |
| 942 ## - ENTRADA DE ELEMENTOS AGREGADOS (KOHA) | |
| Fuente de clasificaión o esquema | Dewey Decimal Classification |
| Koha [por defecto] tipo de item | LIbro |
| 945 ## - TRATAMIENTO DE LA INFORMACIÓN LOCAL (OCLC) | |
| a | HERa |
| Perdido | Fuente de clasificación o esquema | Estado Físico | No para préstamo | Forma de adquisición | Localización permanente | Localización actual | Fecha adquisición | Préstamos totales | Signatura completa | Código de barras | Fecha última consulta | Fecha del precio de reemplazo | Tipo de item de Koha |
|---|---|---|---|---|---|---|---|---|---|---|---|---|---|
| Dewey Decimal Classification | Sala General | Biblioteca Barrio Emporio - Villavicencio | Biblioteca Barrio Emporio - Villavicencio | 08/10/2017 | HERa | 31653 | 09/19/2017 | 09/19/2017 | LIbro |